Zdaňovanie príjmov v SR po 1. januári 2016 zmeny s vplyvom na daňové priznania podávané po 31. decembri 2015

Zmeny v zdaňovaní príjmov fyzických a právnických osôb, ktoré nadobudli účinnosť k 1. januáru 2016 s akcentom na prechodné ustanovenia zákona o dani z príjmov v zmysle ktorého je uvedené zmeny potrebné alebo možné zohľadniť už v daňových priznaniach, ktoré sa budú podávať po 31. decembri 2015.

Salvato in:
Dettagli Bibliografici
Autore principale: Vašeková, Miroslava, 1978-
Altri autori: Mateášová, Martina, 1979-
Natura: Capitolo di libro
Lingua:slovacco
Soggetti:
Tags: Aggiungi Tag
Nessun Tag, puoi essere il primo ad aggiungerne!!

MARC

LEADER 00000naa a2200000 4500
001 0217340
005 20240502073619.4
041 0 |a slo 
044 |a SK 
245 1 0 |a Zdaňovanie príjmov v SR po 1. januári 2016  |b zmeny s vplyvom na daňové priznania podávané po 31. decembri 2015  |c Miroslava Vašeková, Martina Mateášová 
520 |a Zmeny v zdaňovaní príjmov fyzických a právnických osôb, ktoré nadobudli účinnosť k 1. januáru 2016 s akcentom na prechodné ustanovenia zákona o dani z príjmov v zmysle ktorého je uvedené zmeny potrebné alebo možné zohľadniť už v daňových priznaniach, ktoré sa budú podávať po 31. decembri 2015. 
610 2 0 |a priznania daňové 
610 2 0 |a osoby fyzické 
610 2 0 |a osoby právnické 
610 2 0 |a Slovensko 
610 2 0 |a zdaňovanie 
610 2 0 |a dane z príjmov 
100 1 |a Vašeková, Miroslava, 1978- 
700 1 |a Mateášová, Martina, 1979-